History Quiz

Random History or Country Quiz

Country - First Lady VIII Quiz Stats

Quiz not verified by Sporcle

Challenge
Share
Tweet
Score 0/16 Timer 04:00
0 Plays Today
% Correct
Ukraine
87.5%
Norway
87.5%
Myanmar
75%
Dominican Republic
75%
Spain
70.8%
Moldova
70.8%
Poland
62.5%
Indonesia
58.3%
% Correct
Republic of Congo
58.3%
Malaysia
58.3%
Luxembourg
50%
Equatorial Guinea
45.8%
Trinidad and Tobago
45.8%
Nauru
37.5%
Palau
33.3%
Ghana
25%

You're not logged in!

Compare scores with friends on all Sporcle quizzes.
Sign Up with Email
OR
Log In

You Might Also Like...

Show Comments

Extras

Top Quizzes Today


Score Distribution

Your Account Isn't Verified!

In order to create a playlist on Sporcle, you need to verify the email address you used during registration. Go to your Sporcle Settings to finish the process.

Report this User

Report this user for behavior that violates our Community Guidelines.

Details: